QUEST Central Library Banner

Attic, basement, and garage conversion : (Record no. 9632)

MARC details
000 -LEADER
fixed length control field 00616nam a2200181 a 4500
020 ## - INTERNATIONAL STANDARD BOOK NUMBER
ISBN 0830692711 (hardcover)
020 ## - INTERNATIONAL STANDARD BOOK NUMBER
ISBN 9780830692712 (hardcover)
100 1# - MAIN ENTRY--AUTHOR NAME
Personal name Bianchina, Paul.
245 10 - TITLE STATEMENT
Title Attic, basement, and garage conversion :
250 ## - EDITION STATEMENT
Edition statement 1st ed.
260 ## - PUBLICATION, DISTRIBUTION, ETC. (IMPRINT)
Place of publication [S.l.] :
Name of publisher Tab Books,
Year of publication 1990.
300 ## - PHYSICAL DESCRIPTION
Number of Pages 189 p. ;
520 ## - SUMMARY, ETC.
Summary, etc Book by Bianchina, Paul.
856 40 - ELECTRONIC LOCATION AND ACCESS
Uniform Resource Identifier http://www.amazon.com/exec/obidos/ASIN/0830692711/chopaconline-20
Holdings
Withdrawn status Lost status Home library Current library Date acquired Full call number Accession Number Koha item type
    Central Library, QUEST, Nawabshah Central Library, QUEST, Nawabshah 09/09/2014 BIA 17646 Books

Copyright © 2018,The QUEST, Nawabshah, Shaheed Benazirabad. All rights reserved
Mr. G. Farooq Channar (Librarian) QUEST, Nawabshah, Sindh, Pakistan 67480.
 Ph#: |   0244-9370381-4 Ext. 2308   Email| lib@quest.edu.pk   Web|  http://www.quest.edu.pk